| 000 | 00000nam 2200000zi 4500 |
| 001 | 9.900914 |
| 003 | CaOODSP |
| 005 | 20230224103057 |
| 006 | m o d f |
| 007 | cr mn||||||||| |
| 008 | 210618t20212021bccab ob f000 0 eng d |
| 020 | |a9780660393049 |
| 040 | |aCaOODSP|beng|erda|cCaOODSP |
| 043 | |an-cn-bc |
| 086 | 1 |aFo143-2/456E-PDF |
| 100 | 1 |aWinder, Richard S., |eauthor. |
| 245 | 10|aUsing the bowtie risk assessment tool (BRAT) for analysis of ecological threats / |cRichard S. Winder [and 9 others]. |
| 264 | 1|aVictoria, British Columbia : |bNatural Resources Canada, Canadian Forest Service, Pacific Forestry Centre, |c2021. |
| 264 | 4|c©2021 |
| 300 | |a1 online resource (iii, 24 pages) : |bcolour illustrations, maps (chiefly colour). |
| 336 | |atext|btxt|2rdacontent |
| 337 | |acomputer|bc|2rdamedia |
| 338 | |aonline resource|bcr|2rdacarrier |
| 490 | 1 |aInformation report ; |vBC-X-456 |
| 504 | |aIncludes bibliographical references (page 11). |
| 650 | 0|aEnvironmental risk assessment|zBritish Columbia|xMethodology. |
| 650 | 0|aEcological assessment (Biology)|zBritish Columbia|xMethodology. |
| 650 | 0|aWoodland caribou|xClimatic factors|zBritish Columbia. |
| 650 | 0|aWoodland caribou|xEffect of human beings on|zBritish Columbia. |
| 650 | 0|aWoodland caribou|xEffect of habitat modification on|zBritish Columbia. |
| 650 | 6|aEnvironnement|xÉvaluation du risque|zColombie-Britannique|xMéthodologie. |
| 650 | 6|aÉvaluation écologique (Biologie)|zColombie-Britannique|xMéthodologie. |
| 650 | 6|aCaribou des bois|xFacteurs climatiques|zColombie-Britannique. |
| 650 | 6|aCaribou des bois|xEffets de l'homme sur|zColombie-Britannique. |
| 650 | 6|aCaribou des bois|xEffets des modifications de l'habitat sur|zColombie-Britannique. |
| 710 | 2 |aPacific Forestry Centre, |eissuing body. |
| 776 | 0#|tUsing the bowtie risk assessment tool (BRAT) for analysis of ecological threats.|w(CaOODSP)9.914438 |
| 830 | #0|aInformation report (Pacific Forestry Centre)|vBC-X-456.|w(CaOODSP)9.504853 |
| 856 | 40|qPDF|s2.40 MB|uhttps://publications.gc.ca/collections/collection_2023/rncan-nrcan/Fo143-2-456-eng.pdf |